Communication et langages
Enregistré dans:
| Format: | Livre |
|---|---|
| Langue: | Undetermined |
| Publié: |
Paris
Le centre d' etude et de promotion de la lecture, un department de retz
1974
|
| Sujets: | |
| Tags: |
Ajouter un tag
Pas de tags, Soyez le premier à ajouter un tag!
|
| Thư viện lưu trữ: | Trung tâm Học liệu Trường Đại học Cần Thơ |
|---|
| LEADER | 00453nam a2200157Ia 4500 | ||
|---|---|---|---|
| 001 | CTU_98908 | ||
| 008 | 210402s9999 xx 000 0 und d | ||
| 082 | |a 302.2 | ||
| 082 | |b C734 | ||
| 245 | 0 | |a Communication et langages | |
| 260 | |a Paris | ||
| 260 | |b Le centre d' etude et de promotion de la lecture, un department de retz | ||
| 260 | |c 1974 | ||
| 650 | |a Communications | ||
| 904 | |i Năm | ||
| 980 | |a Trung tâm Học liệu Trường Đại học Cần Thơ | ||